| 000 | 00696cam a22002172 4500 | ||
|---|---|---|---|
| 001 | 0000002090 | ||
| 005 | 20151217161130.0 | ||
| 008 | 070402s xx 000 0 eng d | ||
| 020 | _cUSD 14.95 | ||
| 040 |
_aKABU _cKABU |
||
| 050 | 0 |
_aHF1373 _b.R67 1994 |
|
| 100 | 1 |
_aRosenberg, Jerry Martin. _@0000101068 |
|
| 245 | 1 | 0 |
_aDictionary of international trade / _cJerry M. Rosenberg. |
| 260 |
_aNew York : _bJohn Wiley & Sons, _c1994. |
||
| 300 | _axii, 314 p. | ||
| 650 | 0 |
_aInternational trade _vDictionaries. _@0000151309 |
|
| 908 | _a070402 | ||
| 950 | _@1 | ||
| 999 |
_c14893 _d14893 |
||